|
|
|
|
| LEADER |
01164naa a2200217 i 4500 |
| 001 |
acta87956 |
| 005 |
20250611102114.0 |
| 008 |
250611s2025 hu o 100 eng d |
| 020 |
|
|
|a 978-963-688-043-9
|
| 040 |
|
|
|a SZTE Egyetemi Kiadványok Repozitórium
|b hun
|
| 041 |
|
|
|a eng
|
| 100 |
1 |
|
|a Tóth Zsófia
|
| 245 |
1 |
0 |
|a Whose body, whose voice?
|h [elektronikus dokumentum] :
|b the century-long struggle for women's autonomy from suffrage to abortion rights in the US : [abstract] /
|c Tóth Zsófia
|
| 260 |
|
|
|a Szegedi Tudományegyetem Bölcsészet- és Társadalomtudományi Kar
|b Szeged
|c 2025
|
| 300 |
|
|
|a 635
|
| 490 |
0 |
|
|a Országos Tudományos Diákköri Konferencia : Humán Tudományi Szekció
|
| 650 |
|
4 |
|a Bölcsészettudományok
|
| 650 |
|
4 |
|a Történettudomány és régészet
|
| 695 |
|
|
|a Nők jogai - USA - 20. sz. - előadáskivonat, Nők helyzete - USA - 20. sz. - előadáskivonat, Választójog - nőké - USA - 20. sz. - előadáskivonat, Abortusz - jog - USA - 20. sz. - előadáskivonat
|
| 710 |
|
|
|a Országos Tudományos Diákköri Konferencia (37.)
|c Szeged
|
| 856 |
4 |
0 |
|u http://acta.bibl.u-szeged.hu/87956/1/otdk_2025_human_635.pdf
|z Dokumentum-elérés
|